Top Women's Tennis Player by Country - Statistics

General Stats
  • This quiz has been taken 36 times
  • The average score is 21 of 74
Answer Stats
Country/Rank Answer % Correct
Australia (1) Ashleigh Barty
93%
Poland (9) Iga Świątek
90%
Japan (13) Naomi Osaka
90%
Belarus (2) Aryna Sabalenka
83%
Spain (3) Garbiñe Muguruza
83%
UK (19) Emma Raducanu
80%
Greece (6) Maria Sakkari
80%
Romania (20) Simona Halep
80%
Germany (16) Angelique Kerber
77%
Switzerland (23) Belinda Bencic
77%
Tunisia (10) Ons Jabeur
77%
Latvia (28) Jeļena Ostapenko
73%
Czechia (4) Karolína Plíškova
73%
Estonia (7) Anett Kontaveit
67%
Ukraine (15) Elena Svitolina
67%
Kazakhstan (14) Elena Rybakina
60%
Belgium (21) Elise Mertens
60%
Canada (24) Leylah Fernandez
57%
France (60) Alizé Cornet
50%
Russia (11) Anastasia Pavlyuchenkova
50%
USA (12) Sofia Kenin
50%
Colombia (55) Camila Osorio
43%
Denmark (44) Clara Tauson
43%
China (59) Shuai Zhang
43%
Brazil (82) Beatriz Haddad Maia
40%
Italy (34) Camila Giorgi
40%
Egypt (62) Mayar Sherif
40%
Netherlands (63) Arantxa Rus
37%
Croatia (54) Petra Martić
37%
Chinese Taipei (108) Su-wei Hsieh
37%
Slovenia (30) Tamara Zidanšek
37%
Montenegro (96) Danka Kovinić
33%
Sweden (86) Rebecca Peterson
33%
Hungary (91) Anna Bondár
17%
Argentina (83) Nadia Podoroska
13%
Slovakia (84) Anna Karolína Schmiedlová
10%
Serbia (114) Nina Stojanović
10%
Mexico (134) Renata Zarazua
10%
Bulgaria (115) Viktoriya Tomova
10%
Georgia (143) Ekaterine Gorgodze
7%
Paraguay (193) Veronica Cepede Royg
7%
Austria (182) Barbara Haas
3%
Papua New Guinea (550) Abigail Tere-Apisah
0%
Philippines (528) Alexandra Eala
0%
Finland (273) Anastasia Kulikova
0%
Venezuela (362) Andrea Gamiz
0%
India (202) Ankita Raina
0%
Indonesia (903) Beatrice Gumulya
0%
Turkey (240) Çağla Büyükakçay
0%
South Africa (437) Chanel Simmonds
0%
Chile (204) Daniela Seguel
0%
Bosnia and Herzegovina (223) Dea Herdželaš
0%
Hong Kong (512) Eudice Chong
0%
Oman (927) Fatina Al Nabhani
0%
Portugal (385) Francisca Jorge
0%
Malta (924) Helene Pellicano
0%
Algeria (734) Ines Ibbou
0%
Lithuania (345) Justina Mikulskytė
0%
Liechtenstein (317) Kathinka von Deichmann
0%
North Macedonia (275) Lina Gjorcheska
0%
Israel (380) Lina Glushko
0%
Luxembourg (260) Mandy Minella
0%
Ecuador (463) Mell Reasco González
0%
Uzbekistan (359) Nigina Abduraimova
0%
Bolivia (647) Noelia Zeballos
0%
New Zealand (442) Paige Mary Hourigan
0%
Thailand (374) Peangtarn Plipuech
0%
Cyprus (294) Raluka Serban
0%
Peru (905) Romina Ccuno
0%
Burundi (324) Sada Nahimana
0%
South Korea (215) Su-jeong Jang
0%
Norway (315) Ulrikke Eikeri
0%
Zimbabwe (549) Valeria Bhunu
0%
Andorra (253) Victoria Jiménez Kasintseva
0%
No matching quizzes found
Score Distribution
Percent of People with Each Score
Percentile by Number Answered
Your Score History
You have not taken this quiz